[Event "Reykjavik Open 2024"]
[Site "Reykjavik ISL"]
[Date "2024.03.17"]
[Round "4.10"]
[White "Salimova, Nurgyul"]
[Black "Pultinevicius, Paulius"]
[Result "0-1"]
[WhiteTitle "IM"]
[BlackTitle "GM"]
[WhiteElo "2426"]
[BlackElo "2575"]
[WhiteFideId "2915138"]
[BlackFideId "12809390"]
[EventDate "2024.03.15"]

1. d4 Nf6 2. Nf3 g6 3. g3 Bg7 4. Bg2 O-O 5. O-O d6 6. a4 Nc6 7. a5 e5 8. dxe5
dxe5 9. a6 Qe7 10. Bg5 bxa6 11. Nfd2 Qe6 12. c4 Rb8 13. Nc3 Rxb2 14. Nd5 Nxd5
15. cxd5 Qf5 16. h4 Nd4 17. e3 f6 18. exd4 fxg5 19. hxg5 exd4 20. Ne4 Kh8 21.
Rc1 Qxd5 22. Rxc7 Bb7 23. Qc1 Re2 24. Qb1 Ba8 25. Rxa7 Qe5 26. Qd3 Ra2 27. Qb1
Re2 28. Qd3 Qb5 29. Qxb5 axb5 30. Nd6 Bxg2 31. Kxg2 b4 32. Rb7 d3 33. Rxb4 Bc3
34. Rb7 Kg8 35. Rb3 d2 36. Ne4 Rxe4 37. Rxc3 Rd8 38. Kf3 Re1 0-1

[Event "Reykjavik Open 2024"]
[Site "Reykjavik ISL"]
[Date "2024.03.17"]
[Round "4.11"]
[White "Can, Emre"]
[Black "Sidhant, Mohapatra"]
[Result "1-0"]
[WhiteTitle "GM"]
[BlackTitle "IM"]
[WhiteElo "2551"]
[BlackElo "2379"]
[WhiteFideId "6302181"]
[BlackFideId "5028698"]
[EventDate "2024.03.15"]

1. d4 d5 2. c4 c6 3. Nf3 Nf6 4. Nbd2 Bf5 5. Nh4 Be4 6. f3 Bg6 7. Qb3 Qc7 8. g4
e6 9. e4 Be7 10. cxd5 cxd5 11. Nxg6 hxg6 12. e5 Nfd7 13. f4 Bh4+ 14. Kd1 Bf2 15.
Nf3 Nc6 16. Qc2 Bh4 17. g5 O-O-O 18. Rg1 Rh5 19. Be3 Kb8 20. Rc1 Qb6 21. Qb3
Qxb3+ 22. axb3 Ne7 23. Bd3 Nf5 24. Ke2 Nf8 25. Rg4 1-0

[Event "Reykjavik Open 2024"]
[Site "Reykjavik ISL"]
[Date "2024.03.17"]
[Round "4.12"]
[White "Garifullina, Leya"]
[Black "Maze, Sebastien"]
[Result "1/2-1/2"]
[WhiteTitle "IM"]
[BlackTitle "GM"]
[WhiteElo "2413"]
[BlackElo "2551"]
[WhiteFideId "34127035"]
[BlackFideId "613762"]
[EventDate "2024.03.15"]

1. e4 c5 2. Nf3 d6 3. d4 cxd4 4. Nxd4 Nf6 5. Nc3 a6 6. Be3 e5 7. Nb3 Be6 8. f3
h5 9. Qd2 Nbd7 10. O-O-O Rc8 11. Kb1 Be7 12. Bd3 Qc7 13. h3 h4 14. f4 Nb6 15.
Rhe1 Nc4 16. Bxc4 Qxc4 17. f5 Bd7 18. Bg5 Bc6 19. Bxf6 gxf6 20. Qf2 Rg8 21. a3
Rg3 22. Re3 Rxe3 23. Qxe3 Bd8 24. Nd2 Qd4 25. Qxd4 exd4 26. Ne2 Bb6 27. Nc4 Bc5
28. Nxd4 Bxe4 29. Nxd6+ Bxd6 30. Re1 Kd7 31. Rxe4 Rg8 32. Rg4 Rh8 33. c4 Bg3 34.
Nf3 Rh5 35. Rd4+ Kc7 36. Rd5 Rh8 37. Kc2 Re8 38. Kd1 Re4 39. b3 Re3 40. Kc2 Re2+
41. Rd2 Re3 42. Kb2 a5 43. a4 Be5+ 44. Ka3 Bd6+ 45. Kb2 Be5+ 46. Ka3 Bd6+ 47.
Kb2 1/2-1/2

[Event "Reykjavik Open 2024"]
[Site "Reykjavik ISL"]
[Date "2024.03.17"]
[Round "4.13"]
[White "Adhiban, Baskaran"]
[Black "Domalchuk-Jonasson, Aleksandr"]
[Result "1-0"]
[WhiteTitle "GM"]
[BlackTitle "FM"]
[WhiteElo "2541"]
[BlackElo "2355"]
[WhiteFideId "5018471"]
[BlackFideId "14142805"]
[EventDate "2024.03.15"]

1. e4 e5 2. Nf3 Nf6 3. Nxe5 d6 4. Nf3 Nxe4 5. d4 d5 6. Bd3 Bd6 7. O-O O-O 8. c4
c6 9. cxd5 cxd5 10. Nc3 Nxc3 11. bxc3 Bg4 12. h3 Bh5 13. Rb1 b6 14. Re1 Nc6 15.
Kh1 Re8 16. Be3 Bc7 17. g4 Bg6 18. Bxg6 hxg6 19. Bg5 Rxe1+ 20. Qxe1 Qd7 21. Qf1
Re8 22. Re1 Re4 23. Be3 Qd6 24. Qg2 Qa3 25. Ng5 Qxc3 26. Qf1 Nxd4 27. Nxe4 dxe4
28. Rc1 Nc2 29. Qd1 Qe5 30. f4 exf3 31. Rxc2 Qxe3 32. Rxc7 f2 33. Qd8+ 1-0

[Event "Reykjavik Open 2024"]
[Site "Reykjavik ISL"]
[Date "2024.03.17"]
[Round "4.14"]
[White "Krzyzanowski, Marcin"]
[Black "Thorfinnsson, Bjorn"]
[Result "0-1"]
[WhiteTitle "GM"]
[BlackTitle "IM"]
[WhiteElo "2524"]
[BlackElo "2353"]
[WhiteFideId "1132199"]
[BlackFideId "2300982"]
[EventDate "2024.03.15"]

1. e4 e5 2. Nf3 Nf6 3. Nc3 Nc6 4. h3 g6 5. Bc4 Bg7 6. d3 d6 7. a4 h6 8. a5 Qe7
9. Be3 Nd8 10. Qd2 Be6 11. Bb5+ c6 12. Ba4 Kf8 13. d4 Kg8 14. dxe5 dxe5 15. Nxe5
Nxe4 16. Nxg6 fxg6 17. Nxe4 Nf7 18. Nc5 Bd5 19. O-O Kh7 20. Rfe1 Qh4 21. Bb3
Rad8 22. Qe2 Bxb3 23. cxb3 Qe7 24. Ra4 Rhe8 25. Re4 Qc7 26. Ne6 Qxa5 27. Ra4
Qxe1+ 28. Qxe1 Rxe6 29. Rxa7 Nd6 30. Qb4 Rd7 31. g4 Nb5 32. Qc4 Rxe3 33. Ra8
Re1+ 34. Kg2 Rd5 35. h4 Nd6 36. Qc2 Re4 37. Ra4 Rxa4 38. bxa4 h5 39. f3 Bh6 40.
Qb3 Rd2+ 41. Kg1 Bg7 42. Qe6 Bxb2 43. Kh1 Bg7 44. Kg1 c5 45. gxh5 gxh5 46. f4
Rd4 47. Qe2 c4 48. Qxh5+ Kg8 49. Qg6 c3 50. h5 Nf7 51. Qg4 Rd8 52. Qg6 Rd6 53.
Qb1 Rd2 54. Qe1 Kf8 55. Kf1 Bd4 56. Qe6 c2 57. Qc8+ Kg7 58. Qg4+ Kf6 59. Qh4+
Kf5 60. Qh3+ Ke4 61. Qh1+ Kd3 62. Qh3+ Kc4 63. Qc8+ Kb3 64. Qxb7+ Ka2 65. Qxf7+
Ka1 0-1

[Event "Reykjavik Open 2024"]
[Site "Reykjavik ISL"]
[Date "2024.03.17"]
[Round "4.15"]
[White "Lu, Miaoyi"]
[Black "Suleymenov, Alisher"]
[Result "1/2-1/2"]
[WhiteTitle "WGM"]
[BlackTitle "GM"]
[WhiteElo "2392"]
[BlackElo "2506"]
[WhiteFideId "8618020"]
[BlackFideId "13707833"]
[EventDate "2024.03.15"]

1. e4 c5 2. Nf3 Nc6 3. Bb5 e6 4. O-O Nge7 5. d4 cxd4 6. Nxd4 Ng6 7. Be3 Be7 8.
c3 O-O 9. Nd2 a6 10. Bd3 Nxd4 11. cxd4 d5 12. e5 Bd7 13. a4 Qb6 14. a5 Qb4 15.
Nf3 Rfc8 16. h4 Nf8 17. h5 h6 18. Bd2 Qxb2 19. Rb1 Qa3 20. Qe2 Bd8 21. Nh2 Bg5
22. f4 Bd8 23. Rf3 Qa4 24. Rg3 Bh4 25. Rh3 Be7 26. Ng4 Kh8 27. Rg3 f5 28. exf6
Bxf6 29. Nxh6 Bh4 30. Nf7+ Kg8 31. Nh6+ Kh8 32. Nf7+ Kg8 33. Nh6+ 1/2-1/2

[Event "Reykjavik Open 2024"]
[Site "Reykjavik ISL"]
[Date "2024.03.17"]
[Round "4.16"]
[White "Dauner, Benedikt"]
[Black "Balakrishnan, Praveen"]
[Result "0-1"]
[WhiteTitle "FM"]
[BlackTitle "GM"]
[WhiteElo "2366"]
[BlackElo "2490"]
[WhiteFideId "16225899"]
[BlackFideId "2064871"]
[EventDate "2024.03.15"]

1. d4 d5 2. Nf3 Nf6 3. Bf4 c5 4. e3 Nc6 5. Nbd2 Bg4 6. c3 e6 7. h3 Bxf3 8. Qxf3
h6 9. Bd3 Bd6 10. dxc5 Bxc5 11. e4 d4 12. Nb3 dxc3 13. bxc3 Bd6 14. Bb5 Bxf4 15.
Qxf4 Qb6 16. Nd4 Qc5 17. Qf3 O-O 18. Bxc6 bxc6 19. O-O Qc4 20. Rfe1 Rab8 21. Nb3
Rfd8 22. Qe2 Qxc3 23. Rac1 Qb4 24. Rxc6 Rbc8 25. Rxc8 Rxc8 26. e5 Rc2 27. Qd1
Nd5 28. Re2 Rc3 29. Qd2 a5 30. Re1 Rxb3 0-1

[Event "Reykjavik Open 2024"]
[Site "Reykjavik ISL"]
[Date "2024.03.17"]
[Round "4.17"]
[White "Hopman, Pieter"]
[Black "Kjartansson, Gudmundur"]
[Result "0-1"]
[WhiteTitle "IM"]
[BlackTitle "GM"]
[WhiteElo "2297"]
[BlackElo "2465"]
[WhiteFideId "1005669"]
[BlackFideId "2301318"]
[EventDate "2024.03.15"]

1. e4 c5 2. Nf3 d6 3. Bb5+ Nd7 4. Ba4 Nf6 5. O-O a6 6. c4 Nxe4 7. Re1 Nf6 8. d4
cxd4 9. Nxd4 g6 10. Bf4 e5 11. Nc2 h6 12. Nc3 Be7 13. Ne3 Kf8 14. Ned5 Nc5 15.
Be3 Nxa4 16. Qxa4 Nxd5 17. Nxd5 Be6 18. Rad1 Bxd5 19. Rxd5 Qc7 20. f4 Qc6 21.
Qb4 Re8 22. Qc3 Bf6 23. Red1 Re6 24. Qb4 Kg7 25. b3 Rhe8 26. a4 exf4 27. Bxf4
Be5 28. Bg3 Bxg3 29. hxg3 Re3 30. Rxd6 Qe4 31. R6d4 Qc2 32. Qxb7 Re1+ 33. Rxe1
Rxe1+ 34. Kh2 Qc1 0-1

[Event "Reykjavik Open 2024"]
[Site "Reykjavik ISL"]
[Date "2024.03.17"]
[Round "4.18"]
[White "Stefansson, Vignir Vatnar"]
[Black "Cieslak, Patryk"]
[Result "1-0"]
[WhiteTitle "GM"]
[BlackTitle "FM"]
[WhiteElo "2464"]
[BlackElo "2325"]
[WhiteFideId "2308649"]
[BlackFideId "21078882"]
[EventDate "2024.03.15"]

1. d4 d5 2. c4 e6 3. Nf3 Nf6 4. g3 dxc4 5. Bg2 a6 6. O-O Nc6 7. Qc2 Nxd4 8. Nxd4
Qxd4 9. Rd1 Qc5 10. Nd2 Be7 11. Nxc4 Ng4 12. Qa4+ b5 13. Nd6+ Qxd6 14. Qc2 Qc5
15. Bc6+ Bd7 16. Qxc5 Bxc5 17. Rxd7 Ne5 18. Rd5+ Nxc6 19. Rxc5 Ne7 20. Rxc7 Nd5
21. Rc5 O-O 22. Bd2 Nb6 23. Ba5 Nc4 24. Bc3 Rfc8 25. Rxc8+ Rxc8 26. Rd1 h6 27.
Rd7 Rc6 28. f4 Nd6 29. Kg2 Ne4 30. Bd4 Rd6 31. Rxd6 Nxd6 32. Kf3 f6 33. Bc5 Nc4
34. b3 Na5 35. Ke4 g6 36. g4 Nc6 37. f5 Kf7 38. h3 h5 39. fxe6+ Kxe6 40. gxh5
gxh5 41. Ba3 f5+ 42. Kf4 Nd4 43. e3 Ne2+ 44. Kg5 Nc3 45. Kxh5 Nxa2 46. Kg6 Nc3
47. h4 Nd5 48. h5 Nxe3 49. h6 Ng4 50. h7 Ne5+ 51. Kg7 Nf7 52. b4 f4 53. Bc1 f3
54. Be3 Ke7 55. Bf2 Ke6 56. Bc5 a5 57. bxa5 b4 58. a6 b3 59. a7 b2 60. a8=Q b1=Q
61. Qe8+ Kd5 62. Qxf7+ Kxc5 63. h8=Q Qb2+ 64. Kg8 1-0

[Event "Reykjavik Open 2024"]
[Site "Reykjavik ISL"]
[Date "2024.03.17"]
[Round "4.19"]
[White "Wadsworth, Matthew J"]
[Black "Soderstrom, Adrian"]
[Result "1-0"]
[WhiteTitle "IM"]
[BlackTitle "FM"]
[WhiteElo "2450"]
[BlackElo "2288"]
[WhiteFideId "415804"]
[BlackFideId "1745786"]
[EventDate "2024.03.15"]

1. Nf3 d5 2. g3 g6 3. Bg2 Bg7 4. d4 Nf6 5. O-O O-O 6. c4 Nc6 7. cxd5 Nxd5 8. e4
Nb6 9. d5 Na5 10. Qe1 Nac4 11. Nc3 e6 12. Bg5 f6 13. Bc1 exd5 14. exd5 Nxd5 15.
Nd4 Nxc3 16. Qxc3 Ne5 17. Rd1 c5 18. Qb3+ Kh8 19. Nc6 Qc7 20. Nxe5 fxe5 21. Be3
Rb8 22. Qc4 b6 23. b4 Bb7 24. Bxb7 Qxb7 25. bxc5 bxc5 26. Rd5 Rbc8 27. Rc1 Rfd8
28. Rxd8+ Rxd8 29. Qxc5 Qf3 30. Qxa7 Rd1+ 31. Rxd1 Qxd1+ 32. Kg2 Qd5+ 33. f3 h5
34. Qb8+ Kh7 35. Qb3 Qc6 36. Qb1 Qc4 37. Bf2 Qa4 38. Qb3 Qc6 39. Qb4 Qc2 40. a4
Qc6 41. h4 Qa8 42. Bb6 Qc6 43. a5 Qd5 44. Bf2 Qa8 45. Be1 Qa6 46. Qb6 Qe2+ 47.
Bf2 e4 48. fxe4 Qxe4+ 49. Kg1 Qd5 50. a6 Qd1+ 51. Kh2 Qf3 52. Qe3 Qa8 53. a7 Qc6
54. Qf4 Qd5 55. Qb8 Qf3 56. a8=Q Qxf2+ 57. Qg2 Qd4 58. Qa2 1-0

[Event "Reykjavik Open 2024"]
[Site "Reykjavik ISL"]
[Date "2024.03.17"]
[Round "4.20"]
[White "Galperin, Platon"]
[Black "Bisby, Daniel L"]
[Result "1/2-1/2"]
[WhiteTitle "GM"]
[BlackTitle "FM"]
[WhiteElo "2555"]
[BlackElo "2273"]
[WhiteFideId "14165414"]
[BlackFideId "404586"]
[EventDate "2024.03.15"]

1. d4 Nf6 2. c4 g6 3. Nc3 Bg7 4. e4 d6 5. Be2 O-O 6. Nf3 Nbd7 7. O-O e5 8. Be3
Qe7 9. Qc2 c6 10. Rad1 h6 11. dxe5 dxe5 12. a3 Nh5 13. g3 Nc5 14. b4 Ne6 15.
Rfe1 Qc7 16. c5 Nf6 17. Na4 Ng4 18. Bc1 Nd4 19. Nxd4 exd4 20. Bf4 Be5 21. Bc1
Bg7 22. Nb2 b5 23. Nd3 h5 24. Bf4 Qd8 25. Bd6 Re8 26. Bf3 a5 27. Bg2 Be6 28. e5
Qd7 29. a4 Bc4 30. h3 Nh6 31. bxa5 Rxa5 32. Nb4 Rxa4 33. Bxc6 Qxh3 34. Bxe8 Rxb4
35. Qe4 Ng4 36. Qg2 Qxg2+ 37. Kxg2 Rb2 38. Rxd4 Nxf2 39. Kf3 g5 40. Rxc4 bxc4
41. Re2 c3 42. Ba4 Nd3 43. c6 g4+ 44. Ke3 Nxe5 45. Kf2 Nxc6 46. Bxc6 Bd4+ 47.
Kf1 c2 48. Bf4 Rb1+ 49. Kg2 c1=Q 50. Bxc1 Rxc1 51. Bd5 Kg7 52. Re4 Rd1 53. Rf4
Rd2+ 54. Kh1 f6 55. Rf5 Be5 56. Bc6 Kg6 57. Be4 Kh6 58. Bc6 Bxg3 59. Rxf6+ Kg5
60. Rf7 Be5 61. Kg1 h4 62. Bd7 Bf6 63. Bxg4 Bd4+ 64. Kh1 Kxg4 65. Rf4+ Kg5 66.
Rg4+ Kf5 67. Rf4+ Ke5 68. Re4+ Kd5 69. Rxh4 Be5 70. Kg1 Ke6 71. Rh5 Bf4 72. Kf1
Kf6 73. Ke1 Ra2 74. Rc5 Be5 75. Kd1 Kf5 76. Rc2 Ra4 77. Re2 Bf4 78. Kc2 Ra2+ 79.
Kd3 Rxe2 1/2-1/2

[Event "Reykjavik Open 2024"]
[Site "Reykjavik ISL"]
[Date "2024.03.17"]
[Round "4.22"]
[White "Thieu, Nguyen Gia Bao"]
[Black "Large, Peter G"]
[Result "0-1"]
[BlackTitle "IM"]
[WhiteElo "1906"]
[BlackElo "2262"]
[WhiteFideId "12913383"]
[BlackFideId "400866"]
[EventDate "2024.03.15"]

1. e4 e5 2. Bc4 Nc6 3. Nf3 g6 4. d4 exd4 5. Nxd4 Bg7 6. Nxc6 bxc6 7. O-O Nh6 8.
Nc3 O-O 9. Bf4 d6 10. h3 Be6 11. Bb3 Kh8 12. Qd2 Ng8 13. Rfe1 Ne7 14. Bxe6 fxe6
15. e5 d5 16. Na4 Nf5 17. Bg5 Qe8 18. Nc5 Qf7 19. a4 h6 20. Bf4 g5 21. Bg3 Rg8
22. a5 Bf8 23. Qc3 h5 24. Nb3 h4 25. Bh2 g4 26. Bf4 c5 27. Kh1 c4 28. Nd4 gxh3
29. gxh3 Bb4 0-1

[Event "Reykjavik Open 2024"]
[Site "Reykjavik ISL"]
[Date "2024.03.17"]
[Round "4.30"]
[White "Bergsson, Stefan"]
[Black "Klimkowski, Jan"]
[Result "1-0"]
[BlackTitle "IM"]
[WhiteElo "2144"]
[BlackElo "2532"]
[WhiteFideId "2301393"]
[BlackFideId "21856222"]
[EventDate "2024.03.15"]

1. e4 c5 2. Nf3 d6 3. d4 cxd4 4. Nxd4 Nf6 5. Nc3 a6 6. a3 Nc6 7. Bc4 e6 8. Ba2
Be7 9. Be3 O-O 10. O-O Bd7 11. f4 Rc8 12. Qe2 Qa5 13. f5 Nxd4 14. Bxd4 Kh8 15.
Rad1 e5 16. Bf2 Rxc3 17. bxc3 Qxa3 18. Bb3 Bb5 19. c4 Bc6 20. Bh4 Bd8 21. Bxf6
Bxf6 22. Qe3 h6 23. Rfe1 Bh4 24. g3 Bg5 25. Qb6 Bd8 26. Qe3 Qb4 27. c5 Bg5 28.
Qf2 dxc5 29. Bd5 Bxd5 30. Rxd5 a5 31. h4 Be7 32. c3 Qxc3 33. Rd7 Re8 34. Red1
Qb3 35. Kh2 Bf6 36. Qxc5 Qf3 37. Qc4 Rg8 38. R1d2 b6 39. Qc6 Qg4 40. Qc4 1-0

[Event "Reykjavik Open 2024"]
[Site "Reykjavik ISL"]
[Date "2024.03.17"]
[Round "4.31"]
[White "Yilmazyerli, Mert"]
[Black "Mueller, Magnus"]
[Result "1-0"]
[WhiteTitle "GM"]
[WhiteElo "2526"]
[BlackElo "2144"]
[WhiteFideId "6305962"]
[BlackFideId "16230060"]
[EventDate "2024.03.15"]

1. d4 Nf6 2. c4 c5 3. d5 b5 4. Qc2 b4 5. a3 e5 6. Nf3 e4 7. Ng5 b3 8. Qxb3 h6 9.
Nh3 d6 10. f4 Ng4 11. Nc3 f5 12. Nd1 Nd7 13. Nhf2 Ngf6 14. Ne3 Nb6 15. Bd2 g5
16. g3 Rg8 17. Bh3 g4 18. Bf1 Bg7 19. Bc3 Bd7 20. Qc2 Qe7 21. b3 a5 22. Rb1 h5
23. h4 Kf7 24. Qd2 a4 25. b4 cxb4 26. Rxb4 Rab8 27. Bg2 Bh6 28. Qb2 Qd8 29. Bd4
Nxc4 30. Nxc4 Nxd5 31. Nxd6+ Ke6 32. Nb7 Rxb7 33. Rxb7 Qa5+ 34. Qd2 1-0

[Event "Reykjavik Open 2024"]
[Site "Reykjavik ISL"]
[Date "2024.03.17"]
[Round "4.32"]
[White "George Samir, David"]
[Black "Gokerkan, Cem Kaan"]
[Result "0-1"]
[WhiteTitle "FM"]
[BlackTitle "GM"]
[WhiteElo "2130"]
[BlackElo "2523"]
[WhiteFideId "10657789"]
[BlackFideId "6336760"]
[EventDate "2024.03.15"]

1. e4 c6 2. d4 d5 3. e5 c5 4. Nf3 Nc6 5. dxc5 Bg4 6. Bb5 Qa5+ 7. Nc3 e6 8. Be3
Ne7 9. h3 Bxf3 10. Qxf3 a6 11. Ba4 O-O-O 12. Bd2 Nxe5 13. Qe2 Nc4 14. O-O-O Nxd2
15. Rxd2 g6 16. Kb1 Bh6 17. Rd3 d4 18. Qe5 Nf5 19. Bd7+ Rxd7 20. Qxh8+ Rd8 21.
Qf6 dxc3 22. Rhd1 Rf8 23. Qxc3 Qxc3 24. Rxc3 Ne7 25. Rcd3 Nc6 26. g3 e5 27. c3
e4 28. Rd5 Re8 29. Rd7 Ne5 30. R7d5 f5 31. Re1 Kc7 32. b3 Kc6 33. Red1 Bf8 34.
b4 Nd3 35. c4 Nxb4 36. Rd7 Bxc5 37. Rxh7 Nd3 38. Rh6 Re6 39. h4 Nxf2 0-1

[Event "Reykjavik Open 2024"]
[Site "Reykjavik ISL"]
[Date "2024.03.17"]
[Round "4.33"]
[White "Stefansson, Hannes"]
[Black "Stanford, Sheila Barth"]
[Result "1-0"]
[WhiteTitle "GM"]
[BlackTitle "WIM"]
[WhiteElo "2481"]
[BlackElo "2123"]
[WhiteFideId "2300087"]
[BlackFideId "1500953"]
[EventDate "2024.03.15"]

1. e4 c5 2. Nf3 d6 3. d4 cxd4 4. Nxd4 Nf6 5. Nc3 a6 6. h3 e5 7. Nf3 Be7 8. g4 h6
9. Rg1 b5 10. g5 hxg5 11. Nxg5 Bb7 12. Qf3 Nc6 13. Be3 Nd4 14. Qd1 d5 15. Nxd5
Nxd5 16. exd5 Bxd5 17. Bxd4 exd4 18. Qxd4 Qa5+ 19. c3 O-O-O 20. Be2 Qc7 21. a4
Bf6 22. Qg4+ Kb8 23. Kf1 Rhe8 24. Rg3 Rxe2 25. Kxe2 Bc4+ 26. Ke1 Qe5+ 27. Qe4
Bxg5 28. Qxe5+ 1-0

[Event "Reykjavik Open 2024"]
[Site "Reykjavik ISL"]
[Date "2024.03.17"]
[Round "4.34"]
[White "Hjartarson, Johann"]
[Black "Li, Harry"]
[Result "1-0"]
[WhiteTitle "GM"]
[WhiteElo "2460"]
[BlackElo "2107"]
[WhiteFideId "2300044"]
[BlackFideId "430145"]
[EventDate "2024.03.15"]

1. e4 e5 2. Nf3 Nc6 3. Bb5 a6 4. Ba4 Nf6 5. O-O b5 6. Bb3 Bc5 7. c3 d6 8. d4 Bb6
9. a4 Rb8 10. Be3 O-O 11. Re1 Re8 12. Nbd2 h6 13. axb5 axb5 14. h3 exd4 15. cxd4
Nb4 16. d5 Nd3 17. Re2 Nxb2 18. Qc2 Na4 19. Bxa4 bxa4 20. Rxa4 Bd7 21. Ra3 Bxe3
22. Rexe3 Rb4 23. Ra7 Qb8 24. Rxc7 Ba4 25. Qc3 Bd1 26. Nh4 Rb2 27. Rg3 Nh5 28.
Nf5 Rc2 29. Rxg7+ Kh8 30. Qe3 1-0

[Event "Reykjavik Open 2024"]
[Site "Reykjavik ISL"]
[Date "2024.03.17"]
[Round "4.35"]
[White "Strathmann, Sacha"]
[Black "Larkin, Vladyslav"]
[Result "0-1"]
[BlackTitle "IM"]
[WhiteElo "2129"]
[BlackElo "2450"]
[WhiteFideId "4693825"]
[BlackFideId "14152894"]
[EventDate "2024.03.15"]

1. e4 c5 2. Nf3 e6 3. d4 cxd4 4. Nxd4 a6 5. Nc3 b5 6. Bd3 Bb7 7. O-O Nc6 8. Be3
Qc7 9. Qe2 Nf6 10. a3 h5 11. h3 Rc8 12. f4 h4 13. Qf2 Nxd4 14. Bxd4 Be7 15. Rfe1
Nh5 16. f5 Bc5 17. Ne2 Nf6 18. b4 Bd6 19. Qe3 Qc6 20. Bb2 e5 21. Nc3 Bc7 22. Kh2
Bb6 23. Qc1 Bf2 24. Re2 Qb6 25. Qf1 Bg3+ 26. Kh1 Nh5 27. Qg1 Qc7 28. Qa7 Bf4 29.
Kg1 Ng3 30. Ree1 Bd2 31. Red1 Bxc3 32. Bxc3 d6 33. Be1 Nxe4 34. Bxe4 Bxe4 35.
Qxc7 Rxc7 36. Rxd6 Rxc2 37. Bf2 f6 38. Rxa6 Rh5 39. Re1 Rxf5 40. Rxe4 Rfxf2 41.
Ra8+ Kf7 42. Ra7+ Kg6 43. Rg4+ Kf5 44. Raxg7 Rf4 45. a4 bxa4 46. Rxf4+ Kxf4 47.
Ra7 Ra2 48. b5 e4 49. b6 f5 50. Kf1 Ke3 51. Kg1 Rb2 52. Rxa4 Rb1+ 53. Kh2 Rxb6
54. Ra3+ Kf4 55. Kg1 e3 56. Kf1 Re6 57. Ra8 Rc6 58. Ra3 Ke4 59. Ke2 Rc2+ 60. Kf1
Kd4 61. Rb3 Rd2 62. Rb8 Kc3 63. Rc8+ Kd3 64. Rd8+ Kc2 65. Re8 f4 66. Ra8 Rd1+
67. Ke2 Rd2+ 68. Kf1 Kb3 69. Rb8+ Kc3 70. Rc8+ Kd3 71. Rd8+ Kc2 72. Ra8 Rf2+ 73.
Kg1 Kb1 74. Ra4 Rc2 75. Rxf4 Rc1+ 76. Rf1 e2 0-1

[Event "Reykjavik Open 2024"]
[Site "Reykjavik ISL"]
[Date "2024.03.17"]
[Round "4.36"]
[White "Fantinel, Thibault"]
[Black "Barthel, Ansgar"]
[Result "1-0"]
[WhiteTitle "IM"]
[WhiteElo "2421"]
[BlackElo "2073"]
[WhiteFideId "663395"]
[BlackFideId "4643461"]
[EventDate "2024.03.15"]

1. e4 Nf6 2. e5 Nd5 3. d4 d6 4. c4 Nb6 5. exd6 cxd6 6. Nc3 g6 7. h3 Bg7 8. Nf3
O-O 9. Be2 Nc6 10. O-O Bf5 11. d5 Na5 12. Nd4 Naxc4 13. a4 a5 14. Nxf5 gxf5 15.
Re1 Ne5 16. Bb5 Nbd7 17. Qh5 e6 18. Bh6 Bxh6 19. Qxh6 Qf6 20. Qxf6 Nxf6 21. f4
Ng6 22. dxe6 fxe6 23. Rxe6 Nxf4 24. Rxd6 Rad8 25. Rad1 Rxd6 26. Rxd6 Ne4 27. Rd4
Nxc3 28. bxc3 Ng6 29. Rd7 b6 30. Rd6 Rc8 31. Rxb6 Rxc3 32. Ra6 Rc1+ 33. Kh2 f4
34. Rxa5 Nh4 35. Be2 Rc2 36. Rg5+ Kh8 37. Re5 f3 38. Re8+ Kg7 39. gxf3 Nxf3+ 40.
Kg3 Nd4 41. Bg4 Rc3+ 42. Kg2 Ra3 43. Ra8 Nc2 44. Bd7 Ne3+ 45. Kh2 Nc4 46. Bb5
Nd6 47. Bf1 Ra2+ 48. Kg1 Ra1 49. Kg2 Nf5 50. Bd3 Nh4+ 51. Kf2 Ra2+ 52. Ke3 Ng2+
53. Kd4 Nf4 54. Bf5 Kf6 55. Bc8 Ne6+ 56. Kc4 Rc2+ 57. Kd3 Rc7 58. a5 Nc5+ 59.
Ke3 Re7+ 60. Kf3 Nd3 61. Ra6+ Ke5 62. Bg4 Kd5 63. Kg3 Kc5 64. Ra8 Kb5 65. Bf5
Nc5 66. Kg4 Nb3 67. Rb8+ Kc4 68. a6 Nc5 69. Bc8 Ra7 70. Rb6 Kd5 71. Bb7+ Ke5 72.
Kg5 Ne6+ 73. Kh6 Nf4 74. Rb3 Ne6 75. Kxh7 Nc5 76. Rb5 Kd6 77. Rxc5 Kxc5 78. Kg7 1-0

[Event "Reykjavik Open 2024"]
[Site "Reykjavik ISL"]
[Date "2024.03.17"]
[Round "4.41"]
[White "Thorfinnsson, Bragi"]
[Black "Harish, Neeraj"]
[Result "0-1"]
[WhiteTitle "GM"]
[BlackTitle "CM"]
[WhiteElo "2397"]
[BlackElo "2090"]
[WhiteFideId "2300958"]
[BlackFideId "30958130"]
[EventDate "2024.03.15"]

1. e4 c5 2. Nc3 Nc6 3. Nf3 e5 4. Bc4 g6 5. d3 h6 6. Nd2 Bg7 7. Nf1 Nge7 8. Ne3
d6 9. O-O O-O 10. a3 Kh7 11. Ncd5 Nxd5 12. Nxd5 Ne7 13. Nxe7 Qxe7 14. b4 Bd7 15.
Bd5 Rab8 16. bxc5 dxc5 17. Rb1 b6 18. c4 Qe8 19. Re1 Bf6 20. g3 Bg5 21. f4 Bf6
22. Qf3 exf4 23. gxf4 Qe7 24. Kh1 Rbe8 25. Bb2 h5 26. f5 Bxb2 27. Rxb2 Bxf5 28.
Rg2 Qh4 29. Reg1 Bg4 30. Qf4 Qe7 31. Qe3 f5 32. h3 f4 33. Qf2 f3 34. Rg3 Qh4 35.
Kh2 Bxh3 0-1

[Event "Reykjavik Open 2024"]
[Site "Reykjavik ISL"]
[Date "2024.03.17"]
[Round "4.43"]
[White "Beisteiner, Joachim"]
[Black "Tania, Sachdev"]
[Result "0-1"]
[BlackTitle "IM"]
[WhiteElo "2079"]
[BlackElo "2393"]
[WhiteFideId "1682296"]
[BlackFideId "5007844"]
[EventDate "2024.03.15"]

1. e4 e5 2. Nf3 Nc6 3. Bc4 Nf6 4. d3 h6 5. O-O d6 6. a4 g5 7. Nc3 Bg7 8. Re1 O-O
9. Nd5 Nxd5 10. exd5 Ne7 11. d4 g4 12. Nh4 exd4 13. Qd3 Nxd5 14. Ng6 fxg6 15.
Bxd5+ Kh7 16. Be4 Qf6 17. Qg3 h5 18. h4 gxh3 19. Bg5 Qxf2+ 0-1

[Event "Reykjavik Open 2024"]
[Site "Reykjavik ISL"]
[Date "2024.03.17"]
[Round "4.46"]
[White "Manucharyan, Andriy"]
[Black "Jacobsen, Mikkel Manosri"]
[Result "0-1"]
[BlackTitle "FM"]
[WhiteElo "2080"]
[BlackElo "2367"]
[WhiteFideId "16260910"]
[BlackFideId "1444514"]
[EventDate "2024.03.15"]

1. d4 Nf6 2. Bg5 d5 3. Bxf6 gxf6 4. c4 dxc4 5. e3 c5 6. Bxc4 Nc6 7. Qh5 e6 8.
Nc3 cxd4 9. O-O-O Qb6 10. exd4 Bd7 11. d5 Qc5 12. Qh4 Ne5 13. Qxf6 Nxc4 14. dxe6
Bxe6 15. Qxh8 Qg5+ 16. Kb1 Qg6+ 17. Ka1 f6 18. Nf3 Kf7 19. Rb1 Rc8 20. Nh4 Qh5
21. g3 Bb4 22. Qxc8 Bxc8 23. Rbc1 Be6 24. Rhe1 Qa5 25. Nf3 Nxb2 0-1